Sports Quiz

Random Sports Quiz

20 most valuable players born in the 2000s Quiz Stats

 Plays Quiz not verified by Sporcle

Support Sporcle.
Go Orange.
Score 0/20 Timer 05:00
9 Plays Today
Value Player % Correct
£105mJadon Sancho
98.1%
£65mErling Haaland
94.6%
£24mPhil Foden
77.3%
£41mVinicius Junior
74.8%
£41mAlphonso Davies
72.3%
£26mMason Greenwood
69.1%
£32mAnsu Fati
66%
£41mRodrygo
63.9%
£28mCallum Hudson-Odoi
44%
£22mGabriel Martinelli
43%
Value Player % Correct
£34mEduardo Camavinga
42.1%
£28mSandro Tonali
38.3%
£41mFerran Torres
30.8%
£22mMoise Kean
24.2%
£20mWilliam Saliba
15%
£28mDejan Kulusevski
12.3%
£20mJonathan David
12.3%
£20m Reinier
12%
£26mOzan Kabak
11.7%
£20mGabriel Veron
3.2%

You're not logged in!

Compare scores with friends on all Sporcle quizzes.
OR
Log In

From the Vault

Odd One Out: Rock Bands

by OneoftheBhoys

Every member of a rock band is odd, especially the drummer. Never trust a drummer.
Remove Ads.
Support Sporcle.
Get the best of Sporcle when you Go Orange. This ad-free experience offers more features, more stats, and more fun while also helping to support Sporcle. Thank you for becoming a member.

Show Comments

Extras

Created May 28, 2020SourceReportNominate
Tags:2000, Born, club, Player, Valuable

Top Quizzes Today


Score Distribution

Your Account Isn't Verified!

In order to create a playlist on Sporcle, you need to verify the email address you used during registration. Go to your Sporcle Settings to finish the process.

Report this User

Report this user for behavior that violates our Community Guidelines.

Details: